जिनावर / (Record no. 115708)

MARC details
000 -LEADER
fixed length control field 00987nam a22002537a 4500
005 - DATE AND TIME OF LATEST TRANSACTION
control field 20170124103028.0
010 ## - LIBRARY OF CONGRESS CONTROL NUMBER
LC control number A-804513
020 ## - INTERNATIONAL STANDARD BOOK NUMBER
Terms of availability 75.00
International Standard Book Number 8170163366
035 ## - SYSTEM CONTROL NUMBER
System control number A-804513
037 ## - SOURCE OF ACQUISITION
Source of stock number/acquisition Cen Lib/Ret
040 ## - CATALOGING SOURCE
Original cataloging agency DPL
Language of cataloging HN
082 ## - DEWEY DECIMAL CLASSIFICATION NUMBER
Classification number
Item number मृद्गल
100 ## - MAIN ENTRY--PERSONAL NAME
Personal name मृद्गल, चित्रा
9 (RLIN) 62841
245 ## - TITLE STATEMENT
Title जिनावर /
Statement of responsibility, etc चित्रा मृद्गल
246 ## - VARYING FORM OF TITLE
Title proper/short title Jinavar /
Remainder of title by Chirta Mrudgal
260 ## - PUBLICATION, DISTRIBUTION, ETC. (IMPRINT)
Place of publication, distribution, etc नयी दिल्ली
Name of publisher, distributor, etc किताबघर प्रकाशन
Date of publication, distribution, etc 1996
270 ## - ADDRESS
City नयी दिल्ली
Address 24, अंसारी रोड, दरयागंज
Postal code 110002
300 ## - PHYSICAL DESCRIPTION
Extent 118पृ.
Dimensions 19सेमी (सजिल्द)
650 ## - SUBJECT ADDED ENTRY--TOPICAL TERM
Topical term or geographic name as entry element हिन्दी साहित्य
9 (RLIN) 62842
650 ## - SUBJECT ADDED ENTRY--TOPICAL TERM
Topical term or geographic name as entry element हिंदी कहानियां
9 (RLIN) 2082
650 ## - SUBJECT ADDED ENTRY--TOPICAL TERM
Topical term or geographic name as entry element Hindi literature
9 (RLIN) 62843
650 ## - SUBJECT ADDED ENTRY--TOPICAL TERM
Topical term or geographic name as entry element Hindi stories
9 (RLIN) 62844
942 ## - ADDED ENTRY ELEMENTS (KOHA)
Source of classification or shelving scheme Dewey Decimal Classification
Koha item type Hindi Books
Classification part
Call number suffix मृद्गल
Holdings
Withdrawn status Lost status Damaged status Not for loan Home library Current library Date acquired Source of acquisition Cost, normal purchase price Total Checkouts Full call number Barcode Date last seen Copy number Cost, replacement price Price effective from Koha item type
        Central Library Central Library 21/08/2015 Cen Lib/Ref 75.00   क मृद्गल A-804513 21/08/2015 1 75.00 21/08/2015 Hindi Books

© Delhi Public Library
Hit Counter
free hit counter